000 00504nam a2200181Ia 4500
008 090124s9999 xx 000 0 und d
082 _b33368
100 _aटिकेकर अरुण
245 _a जन-मन
250 _a1
260 _bश्री विद्या प्रकाशन
_c1995
300 _a237
600 _aटिकेकर अरुण
630 _a जन-मन
700 _aटिकेकर अरुण
730 _a जन-मन
942 _cBOOK
999 _c101839
_d101839